| 000 | 00855nam a2200277Ia 4500 | ||
|---|---|---|---|
| 003 | OSt | ||
| 005 | 20220912153049.0 | ||
| 006 | a|||||r|||| 00| 0 | ||
| 007 | ta | ||
| 008 | 220909b |||||||| |||| 00| 0 eng d | ||
| 024 | _a22759 | ||
| 037 | _cTextual | ||
| 040 |
_aCSL _beng _cCSL |
||
| 041 | _aeng | ||
| 082 | _aB334, M6.1-.2 | ||
| 100 | _aNicolaenko Basil Ed. | ||
| 245 | 0 | _aNonlinear systems of partial differential equations in applied mathematics | |
| 260 |
_aProvidence _bAmerican mathematical society _c1986 |
||
| 300 |
_ap. _ccm. |
||
| 490 | _aLectures in applied mathematics; 23 | ||
| 650 | _aDifferential equations | ||
| 700 | _a Holm Darryl D Ed. | ||
| 700 | _a Hyman James M Ed. | ||
| 942 |
_hB334, M6.1-.2 _cTEXL _2CC |
||
| 999 |
_c97543 _d97543 |
||